| 000 | 01252pam a2200313 a 4500 | ||
|---|---|---|---|
| 001 | 2397 | ||
| 005 | 20250812142125.0 | ||
| 020 | _a9780439472265 | ||
| 020 | _a9780590439688 | ||
| 040 |
_aDLC _cDLC _dDLC _beng |
||
| 050 | 0 | 0 | _aF379.N59 |
| 082 | 0 | 0 | _a370.19342 |
| 100 | 1 | _aColes, Robert | |
| 245 | 1 | 4 |
_aThe story of Ruby Bridges / _cby Robert Coles ; illustrated by George Ford |
| 250 | _aThis edition first printing, September 2010 | ||
| 260 |
_aNew York : _bScholastic, _c1995 |
||
| 300 |
_a26 unnumbered pages _bColor illustrations _c26 cm |
||
| 505 | _aR | ||
| 520 | _aFor months six-year-old Ruby Bridges must confront the hostility of white parents when she becomes the first African American girl to integrate Frantz Elementary School in New Orleans in 1960. | ||
| 521 |
_a730
_bLexile AD |
||
| 521 |
_aR
_bRaz-Plus |
||
| 650 | 0 |
_aSchool integration _zLouisiana _zNew Orleans _vJuvenile literature. |
|
| 650 | 0 |
_aAfrican Americans _zLouisiana _zNew Orleans _vBiography _vJuvenile literature. |
|
| 650 | 1 |
_aSchool integration _zLouisiana _zNew Orleans. |
|
| 650 | 1 |
_aAfrican Americans _vBiography. |
|
| 700 | 1 |
_aFord, George _d1936- _eillustrator |
|
| 906 |
_a7 _bcbc _corignew _d1 _eocip _f19 _gy-gencatlg |
||
| 942 |
_2ddc _cBK _n0 |
||
| 999 |
_c2397 _d2397 |
||